مكتبة جامعة عجلون الوطنية

فهرس بحث المكتبة

قدرة المدقق الداخلي على تدقيق تظم المعلومات المحاسبية في ظل التجارة الإلكترونية في البنوك التجارية الأردنية= the Ability of internal auditor in auditing the accounting information systems the electronic commerce in Jordanian commercial banks / (Record no. 33058)

MARC details
000 -LEADER
fixed length control field 01353nam a2200229Ii 4500
003 - CONTROL NUMBER IDENTIFIER
control field JO-AjNU
005 - DATE AND TIME OF LATEST TRANSACTION
control field 20240623124546.0
008 - FIXED-LENGTH DATA ELEMENTS--GENERAL INFORMATION
fixed length control field 230605s9999||||xx |||||||||||||| ||und||
040 ## - CATALOGING SOURCE
Original cataloging agency JO-AjNU
Language of cataloging ara
Description conventions rda
Transcribing agency JO-AjNU
041 ## - LANGUAGE CODE
Language code of text/sound track or separate title ara
100 #1 - MAIN ENTRY--PERSONAL NAME
Personal name العبد، رنا ابو بكر
9 (RLIN) 64681
Relator term معد
245 00 - TITLE STATEMENT
Title قدرة المدقق الداخلي على تدقيق تظم المعلومات المحاسبية في ظل التجارة الإلكترونية في البنوك التجارية الأردنية= the Ability of internal auditor in auditing the accounting information systems the electronic commerce in Jordanian commercial banks /
Statement of responsibility, etc. اعداد رنا ابو بكر العبد ؛ اشراف عبير فايز الخوري
260 ## - PUBLICATION, DISTRIBUTION, ETC.
Date of publication, distribution, etc. 2009
300 ## - PHYSICAL DESCRIPTION
Extent 156ورقة
336 ## - CONTENT TYPE
Content type term text
Content type code txt
Source rdacontent
337 ## - MEDIA TYPE
Media type term unmediated
Media type code n
Source rdamedia
338 ## - CARRIER TYPE
Carrier type term volume
Carrier type code nc
Source rdacarrier
504 ## - BIBLIOGRAPHY, ETC. NOTE
Bibliography, etc. note رسالة جامعية (ماجستير).- جامعة اليرموك (إربد، الأردن) ، كلية الاقتصاد والعلوم الإدارية، قسم المحاسبة، 2009.<br/>ببليوجرافيا : ص. 137-145.<br/>ملاحق.
650 70 - SUBJECT ADDED ENTRY--TOPICAL TERM
Topical term or geographic name entry element البنوك - المحاسبة - التجارة الالكترونية - الاردن
9 (RLIN) 64682
700 #1 - ADDED ENTRY--PERSONAL NAME
Personal name الخوري، عبير فايز
9 (RLIN) 64683
Relator term مشرف
942 ## - ADDED ENTRY ELEMENTS (KOHA)
Source of classification or shelving scheme Library of Congress Classification
Koha item type Thesis
Holdings
Withdrawn status Lost status Source of classification or shelving scheme Damaged status Not for loan Home library Current library Shelving location Date acquired Total Checkouts Full call number Barcode Date last seen Price effective from Koha item type
    Library of Congress Classification     مكتبة جامعة عجلون الوطنية مكتبة جامعة عجلون الوطنية المجموعات العامة 06/12/2023   HG3261.A6.A2476 2009 A29490 06/06/2023 06/06/2023 Thesis